LEADER 00816nam0-22002891--450- 001 990008554200403321 005 20070924095747.0 035 $a000855420 035 $aFED01000855420 035 $a(Aleph)000855420FED01 035 $a000855420 100 $a20070924d1968----km-y0itay50------ba 101 0 $aita 102 $aIT 105 $ay-------001yy 200 1 $aGiovanna d'Angio$eregina di Napoli$fItalo de Feo 210 $aNapoli$cF. Fiorentino$d(stampa 1968)$hstampa 1968 215 $a275 p., [8] c. di tav.$cill$d22 cm 676 $a945.06$v11 rid.$zita 700 1$aDe Feo,$bItalo$f<1912-1985>$0203881 801 0$aIT$bUNINA$gRICA$2UNIMARC 901 $aBK 912 $a990008554200403321 952 $aSDI-KD 735$b5407$fSDI 959 $aSDI 996 $aGiovanna d'Angio$9709371 997 $aUNINA LEADER 00874nam0-2200301---450- 001 990008835390403321 005 20090402164139.0 035 $a000883539 035 $aFED01000883539 035 $a(Aleph)000883539FED01 035 $a000883539 100 $a20090402d1974----km-y0itay50------ba 101 0 $aita 102 $aIT 105 $ay-------001yy 200 1 $aPer una "morfologia" dei libretti verdiani$fMario Lavagetto 210 $aS. l.$cEd. di Palatina$d1974$eParma$gNuova Step 215 $a84 p.$d18 cm 610 0 $aVerdi, Giuseppe$aOpere$aStudi 676 $a782.10 700 1$aLavagetto,$bMario$f<1939- >$0154817 801 0$aIT$bUNINA$gRICA$2UNIMARC 901 $aBK 912 $a990008835390403321 952 $a782.1 VER 21$b31206 Bibl.$fFLFBC 959 $aFLFBC 996 $aPer una "morfologia" dei libretti verdiani$9805222 997 $aUNINA